000 00748nam a2200217 a 4500
001 79153
003 BD-RjUL
005 20220111144926.0
008 860416s1869 le 000 0 ara d
035 _a(BD-RjUL)79153
040 _aHUJI
_bara
_cBD-RjUL
041 0 _aara
082 _223
_a492.73
_bBUK 1869
100 1 _aالبستاني، بطرس، ;; Al-Bustani, Boutros
_d1819-1883
_9655
245 1 5 _aكتاب قطر المحيط ;; kitab qatar almuhit /
_cتاليف بطرس البستاني.;; talif butrus albistani.
260 _aبيروت : Bairut :
_bمكتبة لبنان, Maktubat Lebanon ,
_c١٨٦٩.
300 _aمجلدان :
_b٢١ سم.
505 _aV-1.--
650 4 _aArabic language
_vDictionaries
942 _2ddc
_cREF
999 _c79153
_d79153